[Event "Barcelona Sant Marti op 11th"]
[Site "Barcelona"]
[Date "2024.01.11"]
[Round "1"]
[White "Clanchet Olle, Josep"]
[Black "Ocampo Betancur, Cristina Angela"]
[Result "0-1"]
[WhiteElo "1563"]
[BlackElo "1919"]
[PlyCount "158"]
[EventDate "2024.01.11"]
[EventType "swiss"]
[EventRounds "9"]
[EventCountry "ESP"]
[SourceTitle "CB11_2024"]
[SourceDate "2024.03.13"]
[SourceVersion "1"]
[SourceVersionDate "2024.03.13"]
[SourceQuality "1"]

1. e4 e5 2. Nf3 Nc6 3. Bc4 Bc5 4. d3 Nf6 5. Nc3 h6 6. Be3 Bb4 7. 0-0 0-0 8. Nd5 Bd6 9. Nd2 Nxd5 10. Bxd5 Ne7 11. Bb3 Ng6 12. Nc4 Be7 13. f4 exf4 14. Bxf4 Nxf4 15. Rxf4 d5 16. exd5 Qxd5 17. Qf3 Qxf3 18. Rxf3 Bf6 19. Re1 Bd4+ 20. Kh1 Be6 21. c3 Bf6 22. Nd2 Bg4 23. Rff1 Rad8 24. Ne4 Bh4 25. g3 Be7 26. d4 Bh5 27. Rf4 Kh8 28. Ref1 f6 29. g4 g5 30. R4f2 Bxg4 31. Kg2 f5 32. Ng3 f4 33. h3 Bd7 34. Ne4 Bc6 35. Bc2 Rde8 36. Kh2 Bd8 37. Nd2 Re3 38. Nc4 Rg3 39. Ne5 Be8 40. Rf3 Rxf3 41. Rxf3 Bf6 42. Ng6+ Bxg6 43. Bxg6 Kg7 44. Bh5 Rd8 45. Rf2 b6 46. Re2 c5 47. dxc5 bxc5 48. Re1 a5 49. Rd1 Rb8 50. Rd7+ Kg8 51. Rd2 Rb7 52. Kg2 Kf8 53. Kf3 Ke7 54. Bg6 Ke6 55. Bd3 h5 56. Bc4+ Ke7 57. Re2+ Kf8 58. Be6 Kg7 59. Bf5 Rf7 60. Be6 Re7 61. Bc4 Rd7 62. Be6 Rd3+ 63. Ke4 Rg3 64. Kf5 Rxh3 65. Rd2 Be7 66. Rd7 Kf8 67. Ra7 Rd3 68. Ra8+ Rd8 69. Rxd8+ Bxd8 70. Bd5 Kg7 71. c4 Kh6 72. b3 Bc7 73. Bg2 g4 74. Bf1 f3 75. Ke4 Kg5 76. Ke3 Kh4 77. Kf2 Be5 78. Bd3 Bd4+ 79. Kf1 g3 0-1

[Event "COL-chT (Women)"]
[Site "Risaralda"]
[Date "2023.11.22"]
[Round "6.1"]
[White "Franco Valencia, Beatriz Irene"]
[Black "Ocampo Betancur, Cristina Angela"]
[Result "1/2-1/2"]
[WhiteElo "2045"]
[BlackElo "1909"]
[PlyCount "105"]
[EventDate "2023.11.19"]
[EventType "team-swiss"]
[EventRounds "7"]
[EventCountry "COL"]
[SourceTitle "CB49_2023"]
[SourceDate "2023.12.06"]
[SourceVersion "1"]
[SourceVersionDate "2023.12.06"]
[SourceQuality "1"]
[WhiteTeam "Bolivar (W)"]
[BlackTeam "Risaralda (W)"]
[WhiteTeamCountry "COL"]
[BlackTeamCountry "COL"]

1. c4 e6 2. Nf3 d5 3. e3 Nf6 4. b3 Be7 5. Bb2 0-0 6. Qc2 c5 7. cxd5 exd5 8. d4 cxd4 9. Nxd4 Nc6 10. Nxc6 bxc6 11. Bd3 Bd7 12. Nd2 h6 13. 0-0 a5 14. Nf3 c5 15. Ne5 Be8 16. Rfd1 Bd6 17. Qe2 Qc7 18. Ng4 Nxg4 19. Qxg4 g6 20. Rac1 Bxh2+ 21. Kh1 Be5 22. Bxe5 Qxe5 23. Rxc5 Bd7 24. Qh4 Be6 25. Rdc1 Kg7 26. Qd4 Qxd4 27. exd4 Rfb8 28. Bb5 Kf6 29. Bc6 Ra6 30. Bxd5 Bxd5 31. Rxd5 a4 32. Rc3 axb3 33. axb3 Rb7 34. Rf3+ Kg7 35. Rc5 Ra1+ 36. Kh2 Rd1 37. Rc4 Rd7 38. Rf4 Rd3 39. b4 g5 40. Re4 f5 41. Re3 R3xd4 42. Rxd4 Rxd4 43. Rb3 Rd6 44. Kg3 Kf6 45. f4 Rb6 46. b5 Ke6 47. Kf3 Kd5 48. g4 fxg4+ 49. Kxg4 gxf4 50. Kxf4 Kc5 51. Kg4 Rxb5 52. Rxb5+ Kxb5 53. Kh5 1/2-1/2

[Event "COL-chT (Women)"]
[Site "Risaralda"]
[Date "2023.11.19"]
[Round "2.1"]
[White "Ocampo Betancur, Cristina Angela"]
[Black "Solano Trillos, Thaliana"]
[Result "1-0"]
[WhiteElo "1909"]
[BlackElo "1443"]
[PlyCount "93"]
[EventDate "2023.11.19"]
[EventType "team-swiss"]
[EventRounds "7"]
[EventCountry "COL"]
[SourceTitle "CB49_2023"]
[SourceDate "2023.12.06"]
[SourceVersion "1"]
[SourceVersionDate "2023.12.06"]
[SourceQuality "1"]
[WhiteTeam "Risaralda (W)"]
[BlackTeam "Bogota (W)"]
[WhiteTeamCountry "COL"]
[BlackTeamCountry "COL"]

1. e4 c5 2. b3 Nc6 3. Bb2 Nf6 4. e5 Nd5 5. g3 g6 6. Bg2 Nb6 7. Nf3 Bg7 8. 0-0 0-0 9. Re1 d6 10. h3 Be6 11. Na3 Qd7 12. Kh2 Rfd8 13. d3 a6 14. Qc1 d5 15. Qg5 d4 16. Qh4 h6 17. Bc1 g5 18. Qe4 Nd5 19. Bb2 Bf5 20. Qe2 Rac8 21. Nc4 b5 22. Ncd2 Ndb4 23. Qd1 Qc7 24. a3 Nd5 25. Qe2 Nc3 26. Bxc3 dxc3 27. Nf1 g4 28. Nh4 Bh7 29. hxg4 Nd4 30. Qd1 Bxe5 31. Nf3 Nxf3+ 32. Qxf3 Bf6 33. Ne3 Bg5 34. Nd5 Qd6 35. Re2 e5 36. Rae1 Re8 37. Nxc3 c4 38. bxc4 Qxa3 39. Ne4 bxc4 40. Nxg5 hxg5 41. Rxe5 Rxe5 42. Rxe5 Rc5 43. Re8+ Kg7 44. Qe3 cxd3 45. Qd4+ f6 46. Re7+ Kh8 47. Qxf6+ 1-0

[Event "South America-ch (Women)"]
[Site "Lima"]
[Date "2023.09.22"]
[Round "9"]
[White "Caballero Quijano, Mitzy Mishell"]
[Black "Ocampo Betancur, Cristina Angela"]
[Result "1/2-1/2"]
[WhiteElo "1972"]
[BlackElo "1922"]
[PlyCount "108"]
[EventDate "2023.09.14"]
[EventType "swiss"]
[EventRounds "9"]
[EventCountry "PER"]
[SourceTitle "EXT 2024"]
[Source "ChessBase"]
[SourceDate "2023.10.10"]
[SourceVersion "1"]
[SourceVersionDate "2023.10.10"]
[SourceQuality "1"]

1. d4 Nf6 2. Nf3 e6 3. g3 b5 4. Bg2 Bb7 5. 0-0 c5 6. c3 Be7 7. Bf4 d5 8. Nbd2 0-0 9. Ne5 Nbd7 10. Ndf3 Rc8 11. Qd3 c4 12. Qc2 a5 13. Nxd7 Nxd7 14. Ne5 Nxe5 15. dxe5 Qb6 16. Be3 Bc5 17. Bxc5 Qxc5 18. Rad1 Rcd8 19. Rd4 f6 20. exf6 Rxf6 21. Rh4 g6 22. Qd2 Rdf8 23. Qd4 Qxd4 24. Rxd4 Bc6 25. f4 Rb8 26. e4 dxe4 27. Bxe4 Bxe4 28. Rxe4 Rd8 29. Rfe1 Rd2 30. R4e2 Rd6 31. Re5 Rb6 32. Kf2 Kf7 33. Rc5 Rf5 34. Rc7+ Kf6 35. Rxh7 b4 36. Rc7 bxc3 37. bxc3 Rb2+ 38. Re2 Rfb5 39. a4 Rxe2+ 40. Kxe2 Rb2+ 41. Kf3 Rxh2 42. Rxc4 Ra2 43. g4 g5 44. fxg5+ Kxg5 45. Ke4 Kxg4 46. Ke5+ Kf3 47. Kxe6 Ke3 48. Kd5 Kd3 49. Kc5 Rh2 50. Kb5 Rh5+ 51. Rc5 Rxc5+ 52. Kxc5 Kxc3 53. Kb5 Kd4 54. Kxa5 Kc5 1/2-1/2

[Event "South America-ch (Women)"]
[Site "Lima"]
[Date "2023.09.18"]
[Round "5"]
[White "Mollo Figueroa, Nicole"]
[Black "Ocampo Betancur, Cristina Angela"]
[Result "1/2-1/2"]
[WhiteElo "1537"]
[BlackElo "1922"]
[PlyCount "190"]
[EventDate "2023.09.14"]
[EventType "swiss"]
[EventRounds "9"]
[EventCountry "PER"]
[SourceTitle "EXT 2024"]
[Source "ChessBase"]
[SourceDate "2023.10.10"]
[SourceVersion "1"]
[SourceVersionDate "2023.10.10"]
[SourceQuality "1"]

1. e4 e5 2. Nf3 Nc6 3. Bb5 a6 4. Bxc6 dxc6 5. 0-0 f6 6. c3 Qd3 7. h3 Be6 8. Re1 Bc5 9. b4 Bb6 10. Na3 Ne7 11. Qe2 Rd8 12. Bb2 Ng6 13. Qxd3 Rxd3 14. Red1 Nf4 15. Ne1 Rd7 16. d3 0-0 17. Rd2 Rfd8 18. Rad1 Bxa2 19. d4 exd4 20. cxd4 c5 21. bxc5 Ba5 22. Ba1 Bb3 23. Nec2 Bxd2 24. Rxd2 Ne6 25. Re2 Bxc2 26. Nxc2 Nxd4 27. Bxd4 Rxd4 28. Nxd4 Rxd4 29. Rb2 Rc4 30. Rxb7 Rxc5 31. Ra7 a5 32. Kf1 Kf7 33. Ke2 Ke7 34. Kd3 Kd7 35. f4 Rb5 36. g4 Rb3+ 37. Ke2 Rxh3 38. Rxa5 Rg3 39. g5 fxg5 40. fxg5 Kd6 41. Kf2 Rc3 42. g6 hxg6 43. Rg5 Ke6 44. Rxg6+ Kf7 45. Ra6 c6 46. Ke2 Ke6 47. Kd2 Rc5 48. Ra7 g5 49. Kd3 Ke5 50. Rf7 Ke6 51. Rf1 Ra5 52. Rc1 Ra3+ 53. Kd4 Ra4+ 54. Kd3 Kd6 55. Rg1 Ra5 56. Kd4 Re5 57. Rc1 g4 58. Ke3 Rg5 59. Kf4 Rg8 60. e5+ Kd7 61. Rg1 Ke6 62. Rc1 Kd7 63. Rg1 Ke6 64. Rc1 Kd5 65. Rd1+ Kc4 66. e6 g3 67. Kf5 g2 68. Rg1 Kd5 69. Rd1+ Kc5 70. e7 Kc4 71. Kf6 c5 72. Rg1 Kd3 73. Rxg2 Rc8 74. Rg3+ Kd4 75. Rg4+ Kd3 76. Rg5 c4 77. Rd5+ Ke4 78. Rd8 Rc6+ 79. Kg5 Re6 80. e8Q Rxe8 81. Rxe8+ Kd3 82. Rd8+ Ke3 83. Rc8 Kd3 84. Kf4 c3 85. Rd8+ Ke2 86. Re8+ Kd2 87. Rd8+ Ke2 88. Re8+ Kd2 89. Kf3 c2 90. Rd8+ Kc3 91. Rc8+ Kd2 92. Rd8+ Kc3 93. Ke2 c1Q 94. Rc8+ Kb2 95. Rxc1 Kxc1 1/2-1/2

[Event "South America-ch (Women)"]
[Site "Lima"]
[Date "2023.09.15"]
[Round "2"]
[White "Ocampo Betancur, Cristina Angela"]
[Black "Jimenez Salas, Maria Teresa"]
[Result "1/2-1/2"]
[WhiteElo "1922"]
[BlackElo "1863"]
[PlyCount "128"]
[EventDate "2023.09.14"]
[EventType "swiss"]
[EventRounds "9"]
[EventCountry "PER"]
[SourceTitle "EXT 2024"]
[Source "ChessBase"]
[SourceDate "2023.10.10"]
[SourceVersion "1"]
[SourceVersionDate "2023.10.10"]
[SourceQuality "1"]

1. e4 c5 2. Nc3 Nc6 3. Bb5 Nd4 4. Bc4 e6 5. Nf3 a6 6. d3 b5 7. Bb3 Ne7 8. 0-0 Nec6 9. Re1 Be7 10. Bf4 0-0 11. Nxd4 Nxd4 12. Qh5 f5 13. e5 Bb7 14. Ne2 Qe8 15. Qxe8 Nxe2+ 16. Rxe2 Rfxe8 17. a4 Bc6 18. f3 Kf7 19. c3 Reb8 20. a5 g5 21. Be3 Rg8 22. d4 c4 23. Bc2 Bd5 24. Kf2 g4 25. fxg4 Rxg4 26. g3 h5 27. Bd1 h4 28. Re1 hxg3+ 29. hxg3 Rgg8 30. Bh5+ Kg7 31. Bf3 Bxf3 32. Kxf3 Rh8 33. Rh1 Kf7 34. Rxh8 Rxh8 35. Rd1 Rh2 36. Bf2 Bd8 37. d5 Bc7 38. d6 Bd8 39. Rb1 Rh8 40. Ra1 Rg8 41. Bb6 Bg5 42. Rh1 Kg7 43. g4 Rf8 44. gxf5 Rxf5+ 45. Kg4 Bh6 46. Bd4 Kg6 47. Rb1 Bg7 48. Re1 Kf7 49. Rh1 Kg6 50. Re1 Bh6 51. Rb1 Bg7 52. Re1 Bh6 53. Rb1 Rf4+ 54. Kg3 Kf5 55. Rh1 Bg7 56. Rh5+ Ke4 57. Rh7 Rf3+ 58. Kg2 Rf7 59. Rh3 Bf8 60. Rd3 Kd5 61. Rh3 Ke4 62. Re3+ Kd5 63. Rh3 Ke4 64. Re3+ Kd5 1/2-1/2

[Event "Medellin Flores op 30th"]
[Site "Medellin"]
[Date "2023.08.06"]
[Round "7"]
[White "Mateus, Martha"]
[Black "Ocampo Betancur, Cristina Angela"]
[Result "1/2-1/2"]
[WhiteElo "1955"]
[BlackElo "1944"]
[PlyCount "62"]
[EventDate "2023.08.03"]
[EventType "swiss"]
[EventRounds "9"]
[EventCountry "COL"]
[SourceTitle "EXT 2024"]
[Source "ChessBase"]
[SourceDate "2023.10.10"]
[SourceVersion "1"]
[SourceVersionDate "2023.10.10"]
[SourceQuality "1"]

1. e4 e5 2. Nf3 Nc6 3. Bb5 a6 4. Ba4 Nf6 5. Qe2 b5 6. Bb3 Bb7 7. c3 Bc5 8. 0-0 0-0 9. d3 d5 10. Bg5 d4 11. Bd5 h6 12. Bxc6 Bxc6 13. Nxe5 hxg5 14. Nxc6 Qd6 15. Nxd4 Bxd4 16. cxd4 Qxd4 17. Nc3 Rad8 18. Rad1 Rd7 19. Qc2 Rfd8 20. Ne2 Qe5 21. f4 gxf4 22. Rxf4 Qg5 23. h3 c5 24. b3 Nh5 25. Rf3 Rd6 26. Qc1 Qxc1 27. Nxc1 c4 28. e5 Rd4 29. bxc4 bxc4 30. g3 g6 31. Kf2 Ng7 1/2-1/2

[Event "Medellin Flores op 30th"]
[Site "Medellin"]
[Date "2023.08.05"]
[Round "5"]
[White "Ocampo Betancur, Cristina Angela"]
[Black "Luna Velandia, Juan Sebastian"]
[Result "0-1"]
[WhiteElo "1944"]
[BlackElo "1728"]
[PlyCount "132"]
[EventDate "2023.08.03"]
[EventType "swiss"]
[EventRounds "9"]
[EventCountry "COL"]
[SourceTitle "EXT 2024"]
[Source "ChessBase"]
[SourceDate "2023.10.10"]
[SourceVersion "1"]
[SourceVersionDate "2023.10.10"]
[SourceQuality "1"]

1. e4 c5 2. Nf3 d6 3. d4 cxd4 4. Qxd4 Nc6 5. Qe3 g6 6. Be2 Bg7 7. 0-0 Nf6 8. h3 0-0 9. Rd1 Be6 10. c4 Qb6 11. Nc3 Rfc8 12. Rb1 Nd7 13. Nd5 Bxd5 14. cxd5 Nce5 15. b3 Nxf3+ 16. Bxf3 Rc2 17. a4 Nc5 18. Bd2 Nd7 19. a5 Qxe3 20. Bxe3 a6 21. Rdc1 Rac8 22. Bg4 Rxc1+ 23. Bxc1 Rc7 24. Be3 Ne5 25. Be2 Nd7 26. b4 Kf8 27. Kf1 Ke8 28. Ke1 Kd8 29. Kd1 Kc8 30. f4 Kb8 31. Kd2 Kc8 32. Rb3 Kb8 33. Kd3 Kc8 34. Bg4 Kb8 35. Bxd7 Rxd7 36. Bb6 e6 37. Rb1 exd5 38. exd5 Re7 39. Rc1 Bb2 40. Rb1 Bg7 41. Rf1 Kc8 42. Rc1+ Kb8 43. Rf1 Kc8 44. g4 f5 45. gxf5 gxf5 46. Rc1+ Kb8 47. Rg1 Kc8 48. Rg5 Rf7 49. h4 Kd7 50. h5 Bh6 51. Rg8 Rf8 52. Rg2 Rf7 53. Rc2 Bxf4 54. Rc7+ Ke8 55. Rc8+ Ke7 56. Bd8+ Kd7 57. Rc7+ Ke8 58. Rc8 Kd7 59. Rc7+ Ke8 60. Rc8 Kd7 61. Rb8 Rf8 62. Rxb7+ Kxd8 63. Rb8+ Ke7 64. Rxf8 Kxf8 65. b5 Bh2 66. bxa6 Bg1 0-1

[Event "Rivera Hernandez Memorial"]
[Site "Rivera Huila"]
[Date "2023.07.23"]
[Round "10"]
[White "Ocampo Betancur, Cristina Angela"]
[Black "Hernandez Fierro, Rodrigo"]
[Result "0-1"]
[WhiteElo "1919"]
[BlackElo "2196"]
[PlyCount "80"]
[EventDate "2023.07.19"]
[EventType "swiss"]
[EventRounds "10"]
[EventCountry "COL"]
[SourceTitle "CBM 215 Extra"]
[Source "ChessBase"]
[SourceDate "2023.09.30"]
[SourceVersion "1"]
[SourceVersionDate "2023.09.30"]
[SourceQuality "1"]

1. e4 c5 2. Nf3 Nc6 3. d4 cxd4 4. Nxd4 Nf6 5. Nc3 e5 6. Ndb5 d6 7. Bg5 a6 8. Na3 b5 9. Nd5 Be7 10. Bxf6 Bxf6 11. c3 0-0 12. Nc2 Rb8 13. h4 g6 14. g3 Bg7 15. Bg2 Be6 16. Nce3 f5 17. exf5 gxf5 18. Qh5 Ne7 19. Nxe7+ Qxe7 20. Nd5 Bxd5 21. Bxd5+ Kh8 22. Qg5 Rf6 23. h5 Bh6 24. Qh4 e4 25. 0-0 Qe5 26. Rad1 f4 27. Bxe4 Bg5 28. Qg4 fxg3 29. fxg3 Rg8 30. Kh2 Be3 31. Qh4 Bf2 32. Kh1 Rxg3 33. Rd5 Qf4 34. Qxf4 Rxf4 35. Rxf2 Rxf2 36. Rxd6 Re3 37. Bg2 Re1+ 38. Kh2 Ree2 39. h6 Rxg2+ 40. Kh3 Rg8 0-1

[Event "Rivera Hernandez Memorial"]
[Site "Rivera Huila"]
[Date "2023.07.21"]
[Round "5"]
[White "Ocampo Betancur, Cristina Angela"]
[Black "Narvaez Ramirez, Faber Alberto"]
[Result "1-0"]
[WhiteElo "1919"]
[BlackElo "2079"]
[PlyCount "129"]
[EventDate "2023.07.19"]
[EventType "swiss"]
[EventRounds "10"]
[EventCountry "COL"]
[SourceTitle "CBM 215 Extra"]
[Source "ChessBase"]
[SourceDate "2023.09.30"]
[SourceVersion "1"]
[SourceVersionDate "2023.09.30"]
[SourceQuality "1"]

1. e4 d5 2. exd5 Qxd5 3. Nc3 Qd6 4. d4 Nf6 5. Nf3 a6 6. Ne5 g6 7. Nc4 Qd8 8. Be2 Bg7 9. 0-0 Be6 10. Ne3 c6 11. a4 a5 12. Bf3 Nd5 13. Ncxd5 Bxd5 14. Nxd5 cxd5 15. Re1 0-0 16. Bg5 Nc6 17. c4 Re8 18. Bxd5 Nxd4 19. Re4 Nf5 20. Qb3 h6 21. Bf4 Nd6 22. Ree1 e6 23. Bf3 e5 24. Be3 e4 25. Be2 Nf5 26. Rad1 Qf6 27. Rd7 Nxe3 28. fxe3 Qxb2 29. Qxb2 Bxb2 30. Rb1 Ba3 31. Rbxb7 Rf8 32. c5 Bxc5 33. Bc4 Bxe3+ 34. Kf1 Rab8 35. Bxf7+ Kg7 36. Ke2 Rxb7 37. Rxb7 Bg1 38. Bd5+ Kf6 39. Bxe4 Re8 40. Kf3 g5 41. h3 h5 42. g4 hxg4+ 43. hxg4 Rc8 44. Rb5 Rc3+ 45. Kg2 Rc5 46. Kxg1 Rc4 47. Rf5+ Ke7 48. Bf3 Rxa4 49. Rxg5 Ra2 50. Kf1 a4 51. Be2 a3 52. Ra5 Kf6 53. Kf2 Ra1 54. Ke3 Ra2 55. Kf3 Ra1 56. Kf4 Re1 57. Ra6+ Kg7 58. Bd3 Ra1 59. Kg5 Kf8 60. Kf6 Ke8 61. g5 a2 62. g6 Rc1 63. Ra8+ Kd7 64. Rxa2 Rc6+ 65. Kf7 1-0

[Event "Rivera Hernandez Memorial"]
[Site "Rivera Huila"]
[Date "2023.07.19"]
[Round "1"]
[White "Ocampo Betancur, Cristina Angela"]
[Black "Torres, Juan Camilo"]
[Result "0-1"]
[WhiteElo "1919"]
[BlackElo "2316"]
[PlyCount "48"]
[EventDate "2023.07.19"]
[EventType "swiss"]
[EventRounds "10"]
[EventCountry "COL"]
[SourceTitle "CBM 215 Extra"]
[Source "ChessBase"]
[SourceDate "2023.09.30"]
[SourceVersion "1"]
[SourceVersionDate "2023.09.30"]
[SourceQuality "1"]

1. e4 c5 2. Nf3 e6 3. d4 cxd4 4. Nxd4 a6 5. Bd3 Nc6 6. Nxc6 dxc6 7. 0-0 Qc7 8. a4 Nf6 9. Nc3 e5 10. h3 Bc5 11. Qe2 0-0 12. Bc4 Be6 13. Bg5 Qe7 14. Rad1 Bd4 15. Bxe6 fxe6 16. Rd3 Qb4 17. Rf3 Nd7 18. Rg3 Rf7 19. Qg4 Re8 20. Ne2 Bxf2+ 21. Kh1 Bxg3 22. Rxf7 Qe1+ 23. Ng1 Kxf7 24. Qh5+ Kf8 0-1

[Event "Sabaneta op-A 2nd"]
[Site "Sabaneta Antioquia"]
[Date "2023.07.02"]
[Round "7"]
[White "Negron Arias, Juan Carlos"]
[Black "Ocampo Betancur, Cristina Angela"]
[Result "0-1"]
[WhiteElo "1910"]
[BlackElo "1919"]
[PlyCount "20"]
[EventDate "2023.06.28"]
[EventType "swiss"]
[EventRounds "9"]
[EventCountry "COL"]
[SourceTitle "CBM 215 Extra"]
[Source "ChessBase"]
[SourceDate "2023.09.30"]
[SourceVersion "1"]
[SourceVersionDate "2023.09.30"]
[SourceQuality "1"]

1. d4 d5 2. c4 e6 3. Nc3 Nf6 4. Nf3 c5 5. cxd5 cxd4 6. Qa4+ Qd7 7. dxe6 Qxa4 8. exf7+ Kxf7 9. Nxa4 b5 10. Nxd4 bxa4 0-1

[Event "Sabaneta op-A 2nd"]
[Site "Sabaneta Antioquia"]
[Date "2023.06.30"]
[Round "4"]
[White "Ospina Castro, Santiago"]
[Black "Ocampo Betancur, Cristina Angela"]
[Result "1/2-1/2"]
[WhiteElo "2005"]
[BlackElo "1919"]
[PlyCount "30"]
[EventDate "2023.06.28"]
[EventType "swiss"]
[EventRounds "9"]
[EventCountry "COL"]
[SourceTitle "CBM 215 Extra"]
[Source "ChessBase"]
[SourceDate "2023.09.30"]
[SourceVersion "1"]
[SourceVersionDate "2023.09.30"]
[SourceQuality "1"]

1. e4 e5 2. Nf3 Nc6 3. Bc4 Bc5 4. 0-0 Nf6 5. d3 d6 6. c3 h6 7. Bb3 0-0 8. Nbd2 a6 9. h3 Ba7 10. Re1 Re8 11. Nf1 Ne7 12. Ng3 Ng6 13. d4 c6 14. Be3 Qc7 15. Qd2 Kh7 1/2-1/2

[Event "Manizales op 28th"]
[Site "Manizales"]
[Date "2023.01.08"]
[Round "6"]
[White "Romero, Miguel Angel"]
[Black "Ocampo Betancur, Cristina Angela"]
[Result "1-0"]
[WhiteElo "1472"]
[BlackElo "2005"]
[PlyCount "133"]
[EventDate "2023.01.05"]
[EventType "swiss"]
[EventRounds "8"]
[EventCountry "COL"]
[SourceTitle "CBM 212 Extra"]
[Source "ChessBase"]
[SourceDate "2023.03.31"]
[SourceVersion "1"]
[SourceVersionDate "2023.03.31"]
[SourceQuality "1"]

1. e4 e5 2. Nf3 Nc6 3. Bc4 Bc5 4. 0-0 Nf6 5. d3 0-0 6. a3 d6 7. h3 h6 8. b4 Bb6 9. Nc3 a5 10. b5 Ne7 11. Be3 Ba7 12. Qd2 Kh7 13. Bxa7 Rxa7 14. d4 exd4 15. Nxd4 Ra8 16. Rad1 Ng6 17. Rfe1 Bd7 18. b6 c6 19. Nf3 Ne8 20. Qe3 Qe7 21. e5 d5 22. Bd3 Be6 23. Na4 Rd8 24. Qc5 Rd7 25. Nd4 Kg8 26. Qxe7 Rxe7 27. Nxe6 Rxe6 28. Nc5 Re7 29. Nb3 Nf4 30. Nxa5 c5 31. c4 Nxd3 32. Rxd3 d4 33. Kf1 f6 34. Nb3 fxe5 35. Nxc5 Rf6 36. Rxd4 Rxb6 37. Rde4 Nd6 38. Rxe5 Rxe5 39. Rxe5 Nxc4 40. Re7 Rb1+ 41. Ke2 Nxa3 42. Nxb7 Rb2+ 43. Kf3 Kf8 44. Rd7 Nc4 45. Rc7 Ne5+ 46. Ke4 Nf7 47. Ke3 Rb3+ 48. Kf4 Rb4+ 49. Kg3 Ng5 50. Nd8 Rb6 51. f3 Ne6 52. Nxe6+ Rxe6 53. f4 Kg8 54. Kf3 Ra6 55. h4 Ra3+ 56. Kg4 Ra6 57. f5 Ra4+ 58. Kh5 Ra5 59. g4 Rb5 60. Re7 Kf8 61. Rc7 Kg8 62. Ra7 Rc5 63. g5 Rxf5 64. Kg6 Rf8 65. Rxg7+ Kh8 66. Rh7+ Kg8 67. Rxh6 1-0

[Event "Manizales op 28th"]
[Site "Manizales"]
[Date "2023.01.07"]
[Round "4"]
[White "Garzon Camelo, Andres Santiago"]
[Black "Ocampo Betancur, Cristina Angela"]
[Result "1-0"]
[WhiteElo "1864"]
[BlackElo "2005"]
[PlyCount "101"]
[EventDate "2023.01.05"]
[EventType "swiss"]
[EventRounds "8"]
[EventCountry "COL"]
[SourceTitle "CBM 212 Extra"]
[Source "ChessBase"]
[SourceDate "2023.03.31"]
[SourceVersion "1"]
[SourceVersionDate "2023.03.31"]
[SourceQuality "1"]

1. d4 d5 2. Bf4 e6 3. Nf3 Nf6 4. e3 Bd6 5. Bd3 0-0 6. 0-0 c5 7. c3 Nc6 8. Nbd2 b6 9. Bg3 Bb7 10. e4 Be7 11. e5 Nh5 12. a3 Rc8 13. b4 g6 14. bxc5 bxc5 15. Rb1 Qc7 16. dxc5 Nxg3 17. hxg3 Ba8 18. Re1 Bxc5 19. Qa4 Rfd8 20. Qh4 Be7 21. Ng5 Bxg5 22. Qxg5 Qe7 23. Qh6 Qf8 24. Qh4 Ne7 25. Rbc1 Nc6 26. Nf3 Na5 27. Ba6 Rb8 28. Rb1 Nb3 29. Ng5 h6 30. Nf3 Nc5 31. Be2 Ne4 32. Bd3 Nxc3 33. Rbc1 Ne4 34. Rc7 Rb7 35. Rec1 Rdb8 36. Bxe4 dxe4 37. Nd4 Rxc7 38. Rxc7 Rb7 39. Rxb7 Bxb7 40. Nb5 Bd5 41. Qf6 Qg7 42. Qd8+ Qf8 43. Qc7 f6 44. Nxa7 fxe5 45. Nc8 Qf7 46. Qd8+ Kg7 47. Nd6 Qa7 48. Ne8+ Kf7 49. Qf6+ Kg8 50. Qxg6+ Kf8 51. Qxh6+ 1-0

[Event "Manizales op 28th"]
[Site "Manizales"]
[Date "2023.01.06"]
[Round "2"]
[White "Abella, Alfonso"]
[Black "Ocampo Betancur, Cristina Angela"]
[Result "1-0"]
[WhiteElo "1790"]
[BlackElo "2005"]
[PlyCount "39"]
[EventDate "2023.01.05"]
[EventType "swiss"]
[EventRounds "8"]
[EventCountry "COL"]
[SourceTitle "CBM 212 Extra"]
[Source "ChessBase"]
[SourceDate "2023.03.31"]
[SourceVersion "1"]
[SourceVersionDate "2023.03.31"]
[SourceQuality "1"]

1. d4 d5 2. Bf4 e6 3. e3 Bd6 4. Nf3 Nf6 5. Nbd2 0-0 6. Bd3 c5 7. c3 Nc6 8. Bg3 b6 9. e4 dxe4 10. Nxe4 Nxe4 11. Bxe4 Bb7 12. dxc5 Bxc5 13. Qa4 Rc8 14. Rd1 Qe8 15. Bxh7+ Kh8 16. Qh4 Qe7 17. Qh5 g5 18. Be4+ Kg7 19. Qh7+ Kf6 20. Qh6# 1-0

[Event "Manizales op 28th"]
[Site "Manizales"]
[Date "2023.01.06"]
[Round "3"]
[White "Ocampo Betancur, Cristina Angela"]
[Black "Cardozo Camargo, Aldo"]
[Result "1-0"]
[WhiteElo "2005"]
[BlackElo "1704"]
[PlyCount "31"]
[EventDate "2023.01.05"]
[EventType "swiss"]
[EventRounds "8"]
[EventCountry "COL"]
[SourceTitle "CBM 212 Extra"]
[Source "ChessBase"]
[SourceDate "2023.03.31"]
[SourceVersion "1"]
[SourceVersionDate "2023.03.31"]
[SourceQuality "1"]

1. e4 e5 2. Nf3 Nc6 3. Bb5 a6 4. Ba4 b5 5. Bb3 d6 6. c3 Be7 7. 0-0 Nf6 8. a4 Bb7 9. d3 Na5 10. Bc2 c5 11. Nbd2 0-0 12. Re1 Qb6 13. Nf1 c4 14. Ng3 Bc8 15. d4 exd4 16. Nxd4 1-0

[Event "Carlos Torre Memorial op 32nd"]
[Site "Merida"]
[Date "2022.12.21"]
[Round "9"]
[White "Ocampo Betancur, Cristina Angela"]
[Black "Hawer Hernandez, Insel Cha"]
[Result "1-0"]
[WhiteElo "1959"]
[BlackElo "2107"]
[PlyCount "75"]
[EventDate "2022.12.16"]
[EventType "swiss"]
[EventRounds "9"]
[EventCountry "MEX"]
[SourceTitle "CBM 212 Extra"]
[Source "ChessBase"]
[SourceDate "2023.03.31"]
[SourceVersion "1"]
[SourceVersionDate "2023.03.31"]
[SourceQuality "1"]

1. e4 c5 2. Nf3 d6 3. d4 cxd4 4. Qxd4 Nc6 5. Qe3 Nf6 6. h3 g6 7. Be2 Bg7 8. 0-0 0-0 9. Rd1 Qc7 10. c4 Be6 11. Nc3 a6 12. Nd5 Bxd5 13. exd5 Nb8 14. Bd2 Nbd7 15. Rac1 Rfe8 16. Bb4 a5 17. Ba3 b6 18. b3 Nc5 19. Nd4 Rac8 20. Re1 Nfd7 21. Bg4 h5 22. Be2 Qb7 23. Rcd1 e6 24. dxe6 Nxe6 25. Bf3 Qa6 26. Nb5 Bf8 27. Bxd6 Ng7 28. Qd2 Rxe1+ 29. Rxe1 Ne6 30. Rxe6 fxe6 31. Qg5 Bg7 32. Qxg6 Nf8 33. Qxh5 Rd8 34. Be7 Rb8 35. Nd6 a4 36. Qf7+ Kh8 37. Be4 axb3 38. Bxf8 1-0

[Event "Carlos Torre Memorial op 32nd"]
[Site "Merida"]
[Date "2022.12.20"]
[Round "8"]
[White "Tapie Amione, Pablo Adib"]
[Black "Ocampo Betancur, Cristina Angela"]
[Result "1-0"]
[WhiteElo "2224"]
[BlackElo "1959"]
[PlyCount "85"]
[EventDate "2022.12.16"]
[EventType "swiss"]
[EventRounds "9"]
[EventCountry "MEX"]
[SourceTitle "CBM 212 Extra"]
[Source "ChessBase"]
[SourceDate "2023.03.31"]
[SourceVersion "1"]
[SourceVersionDate "2023.03.31"]
[SourceQuality "1"]

1. e4 e5 2. Nf3 Nc6 3. Bb5 a6 4. Ba4 Nf6 5. 0-0 Be7 6. Re1 b5 7. Bb3 0-0 8. h3 d6 9. c3 Be6 10. d4 Bxb3 11. Qxb3 Re8 12. dxe5 Nxe5 13. Nxe5 dxe5 14. Rd1 Qc8 15. Nd2 Qb7 16. Re1 Bc5 17. Qc2 Qc6 18. Nf1 Nh5 19. Qe2 Qg6 20. Kh2 Rad8 21. b4 Bb6 22. g3 Nf6 23. a4 Nd7 24. Ra2 Qc6 25. a5 Ba7 26. Rc2 Qd6 27. Rd1 Qe6 28. c4 bxc4 29. Be3 Bxe3 30. Nxe3 Nf6 31. Rxc4 Rb8 32. Qc2 Qe7 33. Qc3 h6 34. Nd5 Nxd5 35. Rxd5 Qf6 36. Kg2 Qe7 37. Rdc5 Qg5 38. Rxc7 Rbd8 39. Qf3 Rf8 40. Ra7 Qd2 41. Rcc7 Rd3 42. Rxf7 Rdd8 43. Rfc7 1-0